01228 a2200205 4500003000500000005001700005010001700022020002800039040000900067082001600076100002000092245006100112250001200173260003900185300003400224440004400258505060700302650003500909856007800944Nust20220816104532.0 a 2003057716 a1580535283 (alk. paper) cNust00a621.382,MIN1 aMinoli, Daniel,10aTelecommunications technology handbook /cDaniel Minoli. a2nd ed. aBoston, MA :bArtech House,c2003. axvi, 785 p. :bill. ;c28 cm. 0aArtech House telecommunications library aIntroduction and overview (Page-1), Optics technologies (Page-41), All optical networks (Page-69), Intelligent optical networks and GMPLS (Page-99), Dense and coarse WDM (Page-133), SONET and SDH (Page-175), Next generation SONET, GFP, and ether net over SONET (Page-221), Wireless technologies: WPAN,WLAN and WWAN (Page-245), WAN data services and technologies (Page-339), Moving beyond T1:multilink FR and other approaches (Page-483), Broad band LAN technologies (Page-497), Transparent LAN services (Page-581), Digital video and multimedia technologies and applications (Page-643), Index (Page-761). 0aTelecommunication Engineering.423Book review (E-STREAMS)uhttp://www.e-streams.com/es0703/es0703_3086.html